000 00696nam a2200241Ia 4500
008 131103s9999 xx 000 0 und d
010 _a340662824
020 _aGBP : 15.99
040 _aLoreto College
041 _aEnglish
082 _a304.2/HAM
_bLCLIB/38896
245 _aSocial Geography
_b a reader
_cedited by Chris Hammett
260 _aLondon
_bArnold
_c1996
300 _aviii,372 p.
_b illus.,fig.
_c 10 cm.
504 _aIncludes bibliography & index
630 _aGeographic, Space,Time Factors
630 _aHuman Ecology
650 _aHuman Geography
651 _aFactors Affecting Social Behaviour
700 _aHamnett,Chris,ed.
850 _aLCLIB
942 _cBK
999 _c12958
_d63437